[Event "Danish Anyone? #3"]
[Site "SchemingMind.com"]
[Date "2006.12.21"]
[Round "-"]
[White "Tahur"]
[Black "carosoko"]
[Result "0-1"]
[WhiteCountry "ARG"]
[BlackCountry "BEL"]
[WhiteElo "1444"]
[WhiteRD "62"]
[BlackElo "1617"]
[BlackRD "112"]
[GameID "83026"]

1. e4 e5 2. d4 exd4 3. c3 dxc3 4. Nxc3 Nc6 5. Bc4 Bb4 6. Bd2 Qe7 7. a3 Bxc3 8. Bxc3 Qxe4+ 9. Qe2 Qxe2+ 10. Nxe2 Nge7
11. h3 d5 12. Bb5 O-O 13. Bxc6 Nxc6 14. O-O-O Be6 15. Nf4 Rad8 16. Rhe1 d4 17. Bd2 Bb3 18. f3 Bxd1 19. Rxd1 Rfe8 20. Nd3 Re2
21. Rg1 Na5 22. Nc5 b6 23. Na6 Nb3+ 24. Kc2 Rxd2+ 25. Kxb3 c5 26. Nc7 c4+ 27. Kxc4 Rc8 28. Re1 Rxc7+ 29. Kb3 Kf8 30. g4 Rcc2
31. Rb1 Rxb2+ 32. Rxb2 Rxb2+ 33. Kxb2 Ke7 34. Kb3 b5 35. Kb4 a6 36. Kb3 Kd6 37. Kc2 g5 38. Kd3 Kd5 39. Ke2 Kc4 40. Kd2 a5
41. Kc2 d3+ 42. Kd2 Kd4 43. Ke1 Ke3 44. Kd1 b4 45. axb4 axb4 46. Kc1 b3
0-1